000 00584nam a2200205 a 4500
001 22589
003 CO-ViMGA
008 141112s2004 ck r 000 u spa d
040 _aCO-ViMGA
_bspa
_cCO-ViMGA
082 0 4 _aDAHm
100 1 _aDahl , Roald
_921034
245 1 0 _aMatilda
250 _a36
260 _aBogotá :
_balfaguara,
_c2007
300 _a230
490 _aAlfaguara Juvenil
590 _aForma de adquisición : Compra - - Precio : 19900 - - Proveedor : Dismet - - Fecha de adquisición : 2008
650 1 4 _aCUENTOS INFANTILES INGLESES
_915884
942 _2ddc
_cBK
999 _c30890
_d30890